|
|
|
|
| LEADER |
00000cam a2200000 7i4500 |
| 001 |
0000024793 |
| 005 |
20090119.0 |
| 008 |
090119 |
| 020 |
|
|
|a 9839163132
|
| 090 |
0 |
0 |
|a 899.28
|b HER
|
| 245 |
1 |
0 |
|a Heritage :
|b an anthology of short stories on unity
|
| 260 |
|
|
|a Kuala Lumpur :
|b Departmentof National Unity,Minnistry of National Unity and Social Development, Malaysia ,
|c 2000
|
| 650 |
|
0 |
|a Malay Fiction
|
| 650 |
|
0 |
|a Short stories, Malay- Collections
|
| 710 |
1 |
|
|a Percetakan Watan Sdn Bhd
|
| 999 |
|
|
|a 0001036516
|b Book
|c Adult Collection
|e Perbadanan Perpustakaan Awam Johor
|
| 999 |
|
|
|a 0001036517
|b Book
|c Adult Collection
|e Perbadanan Perpustakaan Awam Johor
|